Friends Finish the Line: Season Two, Ep 1-3 Quiz Stats

 Plays Quiz not verified by Sporcle

Score 0/22 Timer 08:00
1 Play Today
Quote Punchline % Correct
Joey: 'They go up one side, they move it over, they go up the other side, move it back and then they do the rear, isn't that how a tailor measures pants?'Ross:'Yes, yes it is,...'in prison!
87.3%
Rachel: (to Ross) 'These aren't for you - (to Julie) these are for you, welcome to our country' Julie: 'Thank you, ...'I'm from New York
80.6%
Ross: 'Evolution is not for you to buy Phoebe, evolution is a scientific fact, like, like, like, like the air we breathe, like gravity' Phoebe: 'Oh ok, don't get me started ...'on gravity
75.1%
Monica: 'Look, when it started I was just trying to be nice to her because she was my brother's girlfriend, and then one thing led to another and before I knew it, ...'we were - shopping
71.3%
Monica: 'We only did it once. It didn't mean anything to me' Rachel: 'Yeah, right, sure' Monica: 'Really, Rachel I was ...'thinking of you the whole time
60.5%
Monica: 'Pheebs, you know what I'm thinking?' Phoebe: 'Oh ok, how it's been so long since you've had sex your're wondering ...'if they've changed it?
55.7%
Phoebe: 'I'm not gonna lie to you, it doesn't look good' Ross: 'There's nothing you can do?' Phoebe: 'It's a waiting game, I put a clip on one side which seems to have ...'stopped the curling
55.3%
Joey: 'When I first moved to the city I went out with this girl a few times, really hot, great kisser, but she had the biggest ...'adam's apple
53.1%
Phoebe: 'We went shopping for, um for um, for, fur!' Rachel: 'You went shopping for fur?' Phoebe: 'Yeah and then I realized that I'm against that, so then we bought some um ...'boobs
50.7%
Joey: 'He did my first suit when I was 15, no wait 16, no excuse me, 15, alright when was 1990?' Chandler: 'Okay, you have to stop ...'the Q-tip when there's resistance
50.2%
Ross: 'Hey, you coming?' Chandler: 'Yeah, in a second - goodbye Mr. Heckles, ...'we'll try to keep it down
49.8%
Quote Punchline % Correct
Ross: 'Well, I land in China, guess who's in charge of the dig?' Rachel: 'Julie! Isn't that great, I mean, isn't that just ... fantastic!'kick you in the crotch, spit on your neck
47.6%
Joey: 'These new kids, they never last, sooner or later they all - ...'stop lasting
45.7%
Phoebe: 'So you won't even drink it?' Ross: 'No' Phoebe: 'Not even if you pretended it was milk?' Ross: 'Not even if Carol's breast had a ... on it'picture of a missing child
43.3%
Chandler: 'Just hanging out by the spoons, ladle?' Ross: 'Look, will you guys just grow up, this is the most natural beautiful thing in the world' Joey: 'Yeah we know, but ...'there's a baby sucking on it
42.6%
Phoebe: 'I licked my arm, what?' Ross: 'This is breast milk!' Phoebe: 'So?' Rachel: 'Phoebe, that is, that is juice ...'squeezed from a person
40.4%
Monica: 'I don't know what else to say' Rachel: 'Oh well that works out good cause I'm not listening' Monica: 'I feel terrible, I really do' Rachel: 'I'm sorry did ...'my back hurt your knife?
37.8%
Monica: 'You know what we haven't played in a while, hide the lamp - Did you know I was allergic to shellfish?' Rachel: 'Well then you'll just have to ...'eat the other lamps
35.2%
Chandler: 'Hey, anybody know a good tailor?' Joey: 'Need some clothes altered?' Chandler: 'No no, I'm just looking for a man to ...'draw on me with chalk
24.2%
Ross: 'It's like math, 1+1=2, I can't stand by and let you think that 1+1 might equal 3 or 4 ...'or yellow
18.2%
Joey: 'Can we see her?' Phoebe: 'Your hair looks too good, I think it would upset her - Ross, ...'why don't you come on in
15.1%
Phoebe: 'Janice, you called Janice?' Chandler: 'Yes, Janice, why is that so difficult for you to comprehend?' Ross: '...'You remember Janice, right?
13.9%

You're not logged in!

Compare scores with friends on all Sporcle quizzes.
OR
Log In

You Might Also Like...

Show Comments

Extras

Top Quizzes Today


Score Distribution

Your Account Isn't Verified!

In order to create a playlist on Sporcle, you need to verify the email address you used during registration. Go to your Sporcle Settings to finish the process.

Report this User

Report this user for behavior that violates our Community Guidelines.

Details: